000 00180 a2200097 4500
020 _a9780451459626
041 _aeng
100 _aBerg, Carol
245 _aSon Of Avonar
942 _cBK
999 _c7660
_d7660